RICS global real estate weekly (Record no. 110183)

MARC details
000 -LEADER
fixed length control field 01100cad a22002535a 4500
001 - CONTROL NUMBER
control field E148721
008 - FIXED-LENGTH DATA ELEMENTS--GENERAL INFORMATION
fixed length control field 091027e20091023xxkd f s 000 0 eng d
035 ## - SYSTEM CONTROL NUMBER
System control number (Sirsi) u148721
041 0# - LANGUAGE CODE
Language code of text/sound track or separate title eng
050 04 - LIBRARY OF CONGRESS CALL NUMBER
Classification number 333.33 $2 18
110 2# - MAIN ENTRY--CORPORATE NAME
Corporate name or jurisdiction name as entry element Royal Institution of Chartered Surveyors
Subordinate unit Economics
9 (RLIN) 5033
245 00 - TITLE STATEMENT
Title RICS global real estate weekly
Remainder of title 23 October 2009
Medium [electronic resource]
260 ## - PUBLICATION, DISTRIBUTION, ETC.
Place of publication, distribution, etc. London
Name of publisher, distributor, etc. RICS
Date of publication, distribution, etc. 2009
490 #0 - SERIES STATEMENT
Series statement RICS Global Real Estate Weekly
Volume/sequential designation 23 October 2009
520 ## - SUMMARY, ETC.
Summary, etc. Discusses Hong Kong mortgage Euro area mortgage lending will remain flat. Suggests that US housing market recovery will be slow and gradual, and that London is leading the UK lettings market recovery.
521 ## - TARGET AUDIENCE NOTE
Target audience note Advanced
590 ## - LOCAL NOTE (RLIN)
Local note KA
650 24 - SUBJECT ADDED ENTRY--TOPICAL TERM
Topical term or geographic name entry element RICS GLOBAL REAL ESTATE WEEKLY
651 #4 - SUBJECT ADDED ENTRY--GEOGRAPHIC NAME
Geographic name International
690 ## - LOCAL SUBJECT ADDED ENTRY--TOPICAL TERM (OCLC, RLIN)
Topical term or geographic name as entry element BUILT ENVIRONMENT-CONSTRUCTION MARKET
690 ## - LOCAL SUBJECT ADDED ENTRY--TOPICAL TERM (OCLC, RLIN)
Topical term or geographic name as entry element PROPERTY-COMMERCIAL PROPERTY-COMMERCIAL PROPERTY MARKET
856 40 - ELECTRONIC LOCATION AND ACCESS
Uniform Resource Identifier <a href="https://www.rics.org/site/scripts/download_info.aspx?fileID=4566&categoryID=419">https://www.rics.org/site/scripts/download_info.aspx?fileID=4566&categoryID=419</a>
Public note View the report free of charge at www.rics.org...
942 ## - ADDED ENTRY ELEMENTS (KOHA)
Suppress in OPAC 0
Holdings
Withdrawn status Lost status Source of classification or shelving scheme Damaged status Not for loan Home library Current library Shelving location Date acquired Total Checkouts Full call number Barcode Date last seen Copy number Price effective from Koha item type
    Dewey Decimal Classification     Virtual Virtual Online 27/10/2009   ONLINE PUBLICATION 148721-2001 06/08/2019 1 06/08/2019 Book